| 000 | 01167cam a22002054a 4500 | ||
|---|---|---|---|
| 005 | 20250605163944.0 | ||
| 008 | 250528s ||||||||||||||||||||||||d | ||
| 035 | _a15148 | ||
| 020 | _a748722459 | ||
| 040 |
_aGR-AtMCL _bgre _dGR-AtMCL _eAACR2 |
||
| 245 | 1 | _aInternational Management / A Review of Strategies and Operations: Third Edition | |
| 250 | _a3rd | ||
| 260 |
_bStanley Thornes (Publishers) Ltd, _c1996 |
||
| 300 | _a318 | ||
| 520 | _aThis book provides an ideal introduction to the key issues faced by international managers. Acknowledgements, Preface, International Management, Trade and Investment, Corporate Strategy, Trade in Goods and Services, Trade in Knowledge and Expertise, Foreign Investment, International Marketing Management, International Financial Management, Personnel and Industrial Relations, Decision-Making and Organization, International Corporate Planning, The Economic Environment, National Differences, The Company and the Nation State, International Organizations, International Management: The Future, Notes, Bibliography, Index. | ||
| 700 | 1 |
_aBrooke Michael Z _91001 |
|
| 942 | _cBK | ||
| 999 |
_c742 _d742 |
||